<?xml version="1.0" encoding="UTF-8"?>
<record
    xmlns:xsi="http://www.w3.org/2001/XMLSchema-instance"
    xsi:schemaLocation="http://www.loc.gov/MARC21/slim http://www.loc.gov/standards/marcxml/schema/MARC21slim.xsd"
    xmlns="http://www.loc.gov/MARC21/slim">

  <leader>01209nam a2200217 a 4500</leader>
  <controlfield tag="001">000036620</controlfield>
  <controlfield tag="005">20200930075831.0</controlfield>
  <controlfield tag="008">120123s1985    sp            000 0 spa d</controlfield>
  <datafield tag="020" ind1=" " ind2=" ">
    <subfield code="a">8439847793</subfield>
  </datafield>
  <datafield tag="040" ind1=" " ind2=" ">
    <subfield code="a">DO-SdBNP</subfield>
    <subfield code="b">spa</subfield>
    <subfield code="c">BNPHU</subfield>
  </datafield>
  <datafield tag="082" ind1=" " ind2=" ">
    <subfield code="a">xxxx</subfield>
    <subfield code="b">R444</subfield>
  </datafield>
  <datafield tag="111" ind1="1" ind2=" ">
    <subfield code="a">Reuni&#xF3;n Nacional de la Sociedad Espa&#xF1;ola de Cardiolog&#xED;a</subfield>
    <subfield code="d">(1984 oct</subfield>
    <subfield code="c">Barcelona)</subfield>
    <subfield code="9">62914</subfield>
  </datafield>
  <datafield tag="245" ind1="1" ind2="0">
    <subfield code="a">Terap&#xE9;utica en cardiolog&#xED;a. /</subfield>
    <subfield code="c">A. Bay&#xE9;s de Luna, A. Betriu, G. Permanyer.</subfield>
  </datafield>
  <datafield tag="260" ind1=" " ind2=" ">
    <subfield code="a">Madrid :</subfield>
    <subfield code="b">Sociedad Espa&#xF1;ola de Cardiolog&#xED;a,</subfield>
    <subfield code="c">1985.</subfield>
  </datafield>
  <datafield tag="300" ind1=" " ind2=" ">
    <subfield code="a">484 p. :</subfield>
    <subfield code="b">ils. ;</subfield>
    <subfield code="c">24 cm.</subfield>
  </datafield>
  <datafield tag="504" ind1=" " ind2=" ">
    <subfield code="a">Incluye referencias bibliogr&#xE1;ficas y notas al pie de las p&#xE1;ginas</subfield>
  </datafield>
  <datafield tag="505" ind1="0" ind2=" ">
    <subfield code="t">Arritmias severas y muerte s&#xFA;bita --</subfield>
    <subfield code="t">Tratamiento farmacol&#xF3;gico de las arritmias severas --</subfield>
    <subfield code="t">Tratamiento quir&#xFA;rgico del arritmias --</subfield>
    <subfield code="t">Marcapasos --</subfield>
    <subfield code="t">Hipertensi&#xF3;n arterial --</subfield>
    <subfield code="t">Insuficiencia cardiaca --</subfield>
    <subfield code="t">Trasplante cardiaco --</subfield>
    <subfield code="t">Valvulopat&#xED;as --</subfield>
    <subfield code="t">Tetralog&#xED;a de Fallot: resultados a medio plazo de la correcci&#xF3;n quir&#xFA;rgica --</subfield>
    <subfield code="t">Angina de pecho (1) --</subfield>
    <subfield code="t">Angina de pecho (y 11) --</subfield>
    <subfield code="t">Infarto de miocardio (1) --</subfield>
    <subfield code="t">Infarto de miocardio (y 11)</subfield>
  </datafield>
  <datafield tag="700" ind1="1" ind2=" ">
    <subfield code="a">Bay&#xE9;s de Luna, A.</subfield>
    <subfield code="9">62915</subfield>
  </datafield>
  <datafield tag="700" ind1="1" ind2=" ">
    <subfield code="a">Betriu, A.</subfield>
    <subfield code="9">62916</subfield>
  </datafield>
  <datafield tag="700" ind1="1" ind2=" ">
    <subfield code="a">Permanyer, G.</subfield>
    <subfield code="9">62917</subfield>
  </datafield>
  <datafield tag="952" ind1=" " ind2=" ">
    <subfield code="0">0</subfield>
    <subfield code="1">0</subfield>
    <subfield code="5">0</subfield>
    <subfield code="7">1</subfield>
    <subfield code="8">MO</subfield>
    <subfield code="a">GR</subfield>
    <subfield code="b">GR</subfield>
    <subfield code="c">CT</subfield>
    <subfield code="d">2012-01-23</subfield>
    <subfield code="i">LF1</subfield>
    <subfield code="l">0</subfield>
    <subfield code="o">xxxx R444</subfield>
    <subfield code="p">36620-10</subfield>
    <subfield code="r">2020-06-25</subfield>
    <subfield code="w">2020-06-25</subfield>
    <subfield code="y">1</subfield>
    <subfield code="Z">No se presta</subfield>
  </datafield>
  <datafield tag="999" ind1=" " ind2=" ">
    <subfield code="c">36111</subfield>
    <subfield code="d">36111</subfield>
  </datafield>
</record>
